Developing Countries in the World Trading System: the Uruguay Round and Beyond /

Uloženo v:
Podrobná bibliografie
Hlavní autor: Adhikari, Ramesh
Další autoři: Athukorala, Prema - chandra Kleinberg, Remonda Bensabat reseñadora
Médium: Text
Tagy: Přidat tag
Žádné tagy, Buďte první, kdo vytvoří štítek k tomuto záznamu!

MARC

LEADER 00000 a a2200000 04500
001 18633
003
040
100 |a Adhikari, Ramesh  
245 |a Developing Countries in the World Trading System:   |b the Uruguay Round and Beyond /  |c Ramesh Adhikari 
500 |a Datos de edición: Cheltenham, Edwand Elgar Publishers, 2002. 214 p  
700 |a Athukorala, Prema - chandra   |a Kleinberg, Remonda Bensabat   |a reseñadora  
773 |g volumen 15, número 1; páginas 209-211  
999 |c 27718  |d 27718